[Event "Skilling Open CCT 2021"]
[Site "Online"]
[Date "2020.11.19"]
[Round "14.4"]
[White "Nakamura, Hikaru"]
[Black "Firouzja, Alireza"]
[Result "1-0"]
[WhiteElo "2829"]
[BlackElo "2703"]
[Annotator "RC"]
[PlyCount "85"]
[EventDate "2020.11.20"]
[EventType "tourn"]
[EventCountry "NET"]
[Tiebreak "Koya+Number of black wins+Number of wins"]
[SourceTitle "playchess.com"]
[Source "ChessBase"]
[SourceQuality "1"]
[TimeControl "900+10"]

1. e4 {[%emt 0:00:00]} c6 {[%emt 0:00:00]} 2. d4 {[%emt 0:00:00]} d5 {[%emt 0:
00:00]} 3. Nc3 {[%emt 0:00:00]} dxe4 {[%emt 0:00:00]} 4. Nxe4 {[%emt 0:00:00]}
Bf5 {[%emt 0:00:00]} 5. Ng3 {[%emt 0:00:00]} Bg6 {[%emt 0:00:01]} 6. h4 {
[%emt 0:00:00]} h6 {[%emt 0:00:01]} 7. Nf3 {[%emt 0:00:00]} Nd7 {[%emt 0:00:01]
} 8. h5 {[%emt 0:00:00]} Bh7 {[%emt 0:00:01]} 9. Bd3 {[%emt 0:00:00]} Bxd3 {
[%emt 0:00:01]} 10. Qxd3 {[%emt 0:00:00]} e6 {[%emt 0:00:01]} 11. Bf4 {[%emt 0:
00:13]} Qa5+ {[%emt 0:00:14]} 12. Bd2 {[%emt 0:00:01]} Bb4 {[%emt 0:00:04]} 13.
c3 {[%emt 0:01:35]} Be7 {[%emt 0:00:09]} 14. c4 {[%emt 0:00:07]} Qb6 {[%emt 0:
04:22]} 15. Bc3 {[%emt 0:01:29]} Ngf6 {[%emt 0:00:07]} 16. Ne5 {[%emt 0:00:54]}
Rd8 {[%emt 0:00:59]} 17. Qe2 {[%emt 0:02:39]} Bb4 {[%emt 0:00:50]} 18. O-O {
[%emt 0:00:03]} Bxc3 {[%emt 0:00:03]} 19. bxc3 {[%emt 0:00:00]} O-O {[%emt 0:
00:08]} 20. Rab1 {[%emt 0:00:51]} Qc7 {[%emt 0:00:06]} 21. f4 {[%emt 0:00:05]}
c5 {[%emt 0:00:47]} 22. Qf3 {[%emt 0:00:30]} Nb6 {[%emt 0:00:56]} 23. Rfd1 {
[%emt 0:02:17]} Nfd7 {[%emt 0:02:08]} 24. Ne4 {[%emt 0:04:13]} cxd4 {[%emt 0:
00:23]} 25. cxd4 {[%emt 0:00:00]} f5 {[%emt 0:01:48]} 26. Nc5 {[%emt 0:00:02]}
Nxc5 {[%emt 0:00:06]} 27. dxc5 {[%emt 0:00:00]} Qxc5+ {[%emt 0:00:03]} 28. Kh2
{[%emt 0:00:01]} Qc7 {[%emt 0:00:31]} 29. a4 {[%emt 0:00:19]} Rxd1 {[%emt 0:01:
39]} 30. Rxd1 {[%emt 0:00:00]} Rd8 {[%emt 0:00:41]} 31. Qxb7 {[%emt 0:00:41]}
Qxb7 {[%emt 0:00:45]} 32. Rxd8+ {[%emt 0:00:03]} Kh7 {[%emt 0:00:02]} 33. Ng6 {
[%emt 0:00:00]} Qc8 {[%emt 0:00:33]} 34. Rxc8 {[%emt 0:00:32]} Nxc8 {[%emt 0:
00:01]} 35. c5 {[%emt 0:00:32]} Kg8 {[%emt 0:00:19]} 36. Kg3 {[%emt 0:00:02]}
Kf7 {[%emt 0:00:32]} 37. Kf3 {[%emt 0:00:02]} Ke8 {[%emt 0:00:48]} 38. Ke3 {
[%emt 0:00:04]} Kd7 {[%emt 0:00:02]} 39. Kd4 {[%emt 0:00:02]} a6 {[%emt 0:01:
19]} 40. Ke5 {[%emt 0:00:03]} Kc6 {[%emt 0:00:45]} 41. Kxe6 {[%emt 0:00:06]}
Kxc5 {[%emt 0:00:03]} 42. Kf7 {[%emt 0:00:03]} Kb4 {[%emt 0:00:31]} 43. Kxg7 {
[%emt 0:00:01]} 1-0

[Event "Skilling Open CCT 2021"]
[Site "Online"]
[Date "2020.11.19"]
[Round "14.5"]
[White "Le, Quang Liem"]
[Black "Anton Guijarro, David"]
[Result "1-0"]
[WhiteElo "2744"]
[BlackElo "2667"]
[Annotator "RC"]
[PlyCount "63"]
[EventDate "2020.11.20"]
[EventType "tourn"]
[EventCountry "NET"]
[Tiebreak "Koya+Number of black wins+Number of wins"]
[SourceTitle "playchess.com"]
[Source "ChessBase"]
[SourceQuality "1"]
[TimeControl "900+10"]

1. e4 {[%emt 0:00:00]} e5 {[%emt 0:00:00]} 2. Nf3 {[%emt 0:00:00]} Nc6 {
[%emt 0:00:00]} 3. Bb5 {[%emt 0:00:00]} a6 {[%emt 0:00:00]} 4. Ba4 {[%emt 0:00:
00]} Nf6 {[%emt 0:00:00]} 5. O-O {[%emt 0:00:00]} Nxe4 {[%emt 0:00:00]} 6. d4 {
[%emt 0:00:00]} b5 {[%emt 0:00:00]} 7. Bb3 {[%emt 0:00:00]} d5 {[%emt 0:00:00]}
8. dxe5 {[%emt 0:00:00]} Be6 {[%emt 0:00:00]} 9. Nbd2 {[%emt 0:00:00]} Be7 {
[%emt 0:00:02]} 10. c3 {[%emt 0:00:02]} O-O {[%emt 0:00:02]} 11. Bc2 {[%emt 0:
00:01]} f5 {[%emt 0:00:01]} 12. Nb3 {[%emt 0:00:02]} Qd7 {[%emt 0:00:03]} 13.
Nfd4 {[%emt 0:00:01]} Nxd4 {[%emt 0:00:01]} 14. Nxd4 {[%emt 0:00:00]} c5 {
[%emt 0:00:01]} 15. Nxe6 {[%emt 0:00:01]} Qxe6 {[%emt 0:00:02]} 16. f3 {
[%emt 0:00:01]} Ng5 {[%emt 0:00:00]} 17. Bxg5 {[%emt 0:00:02]} Bxg5 {[%emt 0:
00:02]} 18. f4 {[%emt 0:00:00]} Be7 {[%emt 0:00:06]} 19. Qf3 {[%emt 0:00:01]}
Rad8 {[%emt 0:00:30]} 20. Rfd1 {[%emt 0:00:03]} g6 {[%emt 0:02:15]} 21. Rd2 {
[%emt 0:00:05]} Rd7 {[%emt 0:00:14]} 22. Rad1 {[%emt 0:00:55]} Rfd8 {[%emt 0:
00:05]} 23. h3 {[%emt 0:00:05]} h5 {[%emt 0:00:16]} 24. g4 {[%emt 0:00:17]}
hxg4 {[%emt 0:00:21]} 25. hxg4 {[%emt 0:00:00]} fxg4 {[%emt 0:00:04]} 26. Qh1 {
[%emt 0:00:26]} Bf8 {[%emt 0:02:31]} 27. Qh4 {[%emt 0:00:36]} Bg7 {[%emt 0:03:
49]} 28. Qg5 {[%emt 0:03:29]} Kf7 {[%emt 0:03:58]} 29. Re2 {[%emt 0:00:24]} Re7
{[%emt 0:00:59]} 30. f5 {[%emt 0:00:14]} gxf5 {[%emt 0:00:05]} 31. Bxf5 {
[%emt 0:00:03]} Qh6 {[%emt 0:02:43]} 32. Bg6+ {[%emt 0:00:37]} 1-0

[Event "Skilling Open CCT 2021"]
[Site "Online"]
[Date "2020.11.19"]
[Round "14.6"]
[White "Vidit, Santosh Gujrathi"]
[Black "Radjabov, Teimour"]
[Result "1/2-1/2"]
[WhiteElo "2636"]
[BlackElo "2758"]
[Annotator "RC"]
[PlyCount "61"]
[EventDate "2020.11.20"]
[EventType "tourn"]
[EventCountry "NET"]
[Tiebreak "Koya+Number of black wins+Number of wins"]
[SourceTitle "playchess.com"]
[Source "ChessBase"]
[SourceQuality "1"]
[TimeControl "900+10"]

1. c4 {[%emt 0:00:00]} g6 {[%emt 0:00:00]} 2. g3 {[%emt 0:00:11]} Bg7 {[%emt 0:
00:00]} 3. Bg2 {[%emt 0:00:06]} e5 {[%emt 0:00:03]} 4. Nc3 {[%emt 0:00:02]} Nc6
{[%emt 0:00:02]} 5. e3 {[%emt 0:00:28]} d6 {[%emt 0:00:09]} 6. Nge2 {[%emt 0:
00:05]} Nge7 {[%emt 0:00:24]} 7. d3 {[%emt 0:00:10]} O-O {[%emt 0:00:29]} 8.
Rb1 {[%emt 0:00:16]} a5 {[%emt 0:00:30]} 9. a3 {[%emt 0:00:02]} Be6 {[%emt 0:
00:15]} 10. Nd5 {[%emt 0:00:05]} f5 {[%emt 0:00:43]} 11. b4 {[%emt 0:00:08]}
axb4 {[%emt 0:00:02]} 12. axb4 {[%emt 0:00:00]} Bf7 {[%emt 0:02:20]} 13. b5 {
[%emt 0:00:26]} Na5 {[%emt 0:00:13]} 14. O-O {[%emt 0:01:11]} c6 {[%emt 0:00:
49]} 15. Nxe7+ {[%emt 0:01:02]} Qxe7 {[%emt 0:00:02]} 16. bxc6 {[%emt 0:02:29]}
bxc6 {[%emt 0:00:03]} 17. Bd2 {[%emt 0:00:46]} e4 {[%emt 0:00:25]} 18. Nd4 {
[%emt 0:00:17]} c5 {[%emt 0:01:03]} 19. Nb5 {[%emt 0:00:16]} Nc6 {[%emt 0:00:
16]} 20. dxe4 {[%emt 0:03:36]} fxe4 {[%emt 0:00:18]} 21. Qc2 {[%emt 0:00:05]}
Ne5 {[%emt 0:01:12]} 22. Bxe4 {[%emt 0:04:30]} Bxc4 {[%emt 0:00:25]} 23. Bxa8 {
[%emt 0:00:02]} Rxa8 {[%emt 0:00:09]} 24. f4 {[%emt 0:00:10]} Ra2 {[%emt 0:01:
26]} 25. Qd1 {[%emt 0:00:02]} Nd3 {[%emt 0:01:02]} 26. f5 {[%emt 0:00:58]} Bh6
{[%emt 0:02:31]} 27. Rf3 {[%emt 0:00:38]} Ne5 {[%emt 0:00:36]} 28. Rf2 {
[%emt 0:00:11]} Nd3 {[%emt 0:00:14]} 29. Rf3 {[%emt 0:00:01]} Ne5 {[%emt 0:00:
50]} 30. Rf2 {[%emt 0:00:01]} Nd3 {[%emt 0:00:03]} 31. Rf3 {[%emt 0:00:01]}
1/2-1/2

[Event "Skilling Open CCT 2021"]
[Site "Online"]
[Date "2020.11.19"]
[Round "14.7"]
[White "So, Wesley"]
[Black "Carlsen, Magnus"]
[Result "1/2-1/2"]
[WhiteElo "2741"]
[BlackElo "2881"]
[Annotator "RC"]
[PlyCount "42"]
[EventDate "2020.11.20"]
[EventType "tourn"]
[EventCountry "NET"]
[Tiebreak "Koya+Number of black wins+Number of wins"]
[SourceTitle "playchess.com"]
[Source "ChessBase"]
[SourceQuality "1"]
[TimeControl "900+10"]

1. d4 {[%emt 0:00:00]} Nf6 {[%emt 0:00:00]} 2. c4 {[%emt 0:00:00]} e6 {[%emt 0:
00:00]} 3. Nc3 {[%emt 0:00:00]} Bb4 {[%emt 0:00:00]} 4. Qc2 {[%emt 0:00:00]} d5
{[%emt 0:00:00]} 5. a3 {[%emt 0:00:05]} Bxc3+ {[%emt 0:00:00]} 6. Qxc3 {
[%emt 0:00:00]} O-O {[%emt 0:01:07]} 7. Nf3 {[%emt 0:00:06]} dxc4 {[%emt 0:00:
02]} 8. Qxc4 {[%emt 0:00:00]} b6 {[%emt 0:00:00]} 9. Bg5 {[%emt 0:00:00]} Bb7 {
[%emt 0:00:57]} 10. Rd1 {[%emt 0:00:13]} Nbd7 {[%emt 0:00:19]} 11. Ne5 {
[%emt 0:00:08]} h6 {[%emt 0:01:37]} 12. Nxd7 {[%emt 0:00:08]} Qxd7 {[%emt 0:00:
00]} 13. Bxf6 {[%emt 0:00:01]} gxf6 {[%emt 0:00:00]} 14. d5 {[%emt 0:00:02]}
exd5 {[%emt 0:02:20]} 15. Qf4 {[%emt 0:00:19]} Kh7 {[%emt 0:01:46]} 16. e3 {
[%emt 0:00:16]} c5 {[%emt 0:01:09]} 17. Bd3+ {[%emt 0:00:39]} Kg7 {[%emt 0:00:
02]} 18. Qg3+ {[%emt 0:00:01]} Kh8 {[%emt 0:00:01]} 19. Qf4 {[%emt 0:00:01]}
Kg7 {[%emt 0:00:01]} 20. Qg3+ {[%emt 0:00:01]} Kh8 {[%emt 0:00:01]} 21. Qf4 {
[%emt 0:00:00]} Kg7 {[%emt 0:00:00]} 1/2-1/2

[Event "Skilling Open CCT 2021"]
[Site "Online"]
[Date "2020.11.19"]
[Round "14.8"]
[White "Svidler, Peter"]
[Black "Nepomniachtchi, Ian"]
[Result "0-1"]
[WhiteElo "2742"]
[BlackElo "2778"]
[Annotator "RC"]
[PlyCount "112"]
[EventDate "2020.11.20"]
[EventType "tourn"]
[EventCountry "NET"]
[Tiebreak "Koya+Number of black wins+Number of wins"]
[SourceTitle "playchess.com"]
[Source "ChessBase"]
[SourceQuality "1"]
[TimeControl "900+10"]

1. e4 {[%emt 0:00:00]} c5 {[%emt 0:00:00]} 2. Nf3 {[%emt 0:00:00]} d6 {[%emt 0:
00:00]} 3. d4 {[%emt 0:00:00]} cxd4 {[%emt 0:00:00]} 4. Nxd4 {[%emt 0:00:00]}
Nf6 {[%emt 0:00:00]} 5. Nc3 {[%emt 0:00:00]} a6 {[%emt 0:00:00]} 6. Nb3 {
[%emt 0:00:00]} e6 {[%emt 0:00:01]} 7. g4 {[%emt 0:00:00]} b5 {[%emt 0:00:02]}
8. Bg2 {[%emt 0:00:00]} Bb7 {[%emt 0:00:01]} 9. g5 {[%emt 0:00:01]} Nfd7 {
[%emt 0:00:01]} 10. h4 {[%emt 0:00:01]} b4 {[%emt 0:00:01]} 11. Ne2 {[%emt 0:
00:03]} Nc6 {[%emt 0:00:01]} 12. f4 {[%emt 0:01:58]} h6 {[%emt 0:00:03]} 13.
Be3 {[%emt 0:01:23]} hxg5 {[%emt 0:00:12]} 14. hxg5 {[%emt 0:00:01]} Rxh1+ {
[%emt 0:00:00]} 15. Bxh1 {[%emt 0:00:01]} a5 {[%emt 0:00:09]} 16. Ned4 {
[%emt 0:04:55]} Nxd4 {[%emt 0:02:33]} 17. Nxd4 {[%emt 0:00:02]} Nc5 {[%emt 0:
00:07]} 18. Qg4 {[%emt 0:00:01]} g6 {[%emt 0:01:37]} 19. O-O-O {[%emt 0:01:01]}
Qd7 {[%emt 0:00:21]} 20. e5 {[%emt 0:02:22]} Bxh1 {[%emt 0:00:33]} 21. Rxh1 {
[%emt 0:00:02]} dxe5 {[%emt 0:00:01]} 22. fxe5 {[%emt 0:00:01]} Qd5 {[%emt 0:
00:16]} 23. Qf3 {[%emt 0:02:11]} Rd8 {[%emt 0:00:05]} 24. Qxd5 {[%emt 0:00:20]}
Rxd5 {[%emt 0:00:03]} 25. Nf3 {[%emt 0:00:01]} Nd7 {[%emt 0:00:16]} 26. Bf4 {
[%emt 0:00:08]} Bc5 {[%emt 0:01:08]} 27. Rd1 {[%emt 0:00:22]} Nb6 {[%emt 0:00:
29]} 28. c3 {[%emt 0:00:44]} bxc3 {[%emt 0:00:14]} 29. bxc3 {[%emt 0:00:04]}
Kd7 {[%emt 0:00:09]} 30. Nd2 {[%emt 0:00:42]} Kc6 {[%emt 0:00:27]} 31. Kc2 {
[%emt 0:00:06]} Rd7 {[%emt 0:00:04]} 32. Rf1 {[%emt 0:00:18]} Nd5 {[%emt 0:00:
52]} 33. Nc4 {[%emt 0:00:27]} Kb5 {[%emt 0:01:38]} 34. Nd6+ {[%emt 0:00:10]}
Bxd6 {[%emt 0:00:08]} 35. exd6 {[%emt 0:00:00]} Kc6 {[%emt 0:00:01]} 36. Bd2 {
[%emt 0:00:16]} Kxd6 {[%emt 0:00:09]} 37. c4 {[%emt 0:00:04]} Rc7 {[%emt 0:01:
06]} 38. Bxa5 {[%emt 0:00:15]} Rxc4+ {[%emt 0:00:03]} 39. Kb3 {[%emt 0:00:00]}
Rg4 {[%emt 0:00:29]} 40. Rxf7 {[%emt 0:00:04]} Rxg5 {[%emt 0:00:03]} 41. a4 {
[%emt 0:00:35]} Rg3+ {[%emt 0:00:25]} 42. Kc4 {[%emt 0:00:05]} Kc6 {[%emt 0:00:
04]} 43. Be1 {[%emt 0:01:53]} Ra3 {[%emt 0:01:18]} 44. Bd2 {[%emt 0:01:11]}
Rxa4+ {[%emt 0:00:39]} 45. Kd3 {[%emt 0:00:01]} Kd6 {[%emt 0:00:05]} 46. Ke2 {
[%emt 0:00:07]} Ke5 {[%emt 0:00:06]} 47. Rg7 {[%emt 0:00:04]} Kf5 {[%emt 0:00:
18]} 48. Rf7+ {[%emt 0:00:01]} Ke4 {[%emt 0:00:07]} 49. Rg7 {[%emt 0:00:02]}
Ra2 {[%emt 0:00:03]} 50. Ke1 {[%emt 0:00:08]} Kf5 {[%emt 0:00:35]} 51. Rf7+ {
[%emt 0:00:06]} Nf6 {[%emt 0:00:08]} 52. Bc3 {[%emt 0:00:18]} e5 {[%emt 0:00:
01]} 53. Re7 {[%emt 0:00:01]} Ng4 {[%emt 0:00:09]} 54. Re8 {[%emt 0:00:03]} g5
{[%emt 0:00:21]} 55. Bd2 {[%emt 0:00:20]} Nh2 {[%emt 0:00:14]} 56. Rf8+ {
[%emt 0:00:21]} Ke4 {[%emt 0:00:07]} 0-1

[Event "Skilling Open CCT 2021"]
[Site "Online"]
[Date "2020.11.19"]
[Round "15.1"]
[White "Nepomniachtchi, Ian"]
[Black "Vachier-Lagrave, Maxime"]
[Result "1/2-1/2"]
[WhiteElo "2778"]
[BlackElo "2860"]
[Annotator "RC"]
[PlyCount "153"]
[EventDate "2020.11.20"]
[EventType "tourn"]
[EventCountry "NET"]
[Tiebreak "Koya+Number of black wins+Number of wins"]
[SourceTitle "playchess.com"]
[Source "ChessBase"]
[SourceQuality "1"]
[TimeControl "900+10"]

1. e4 {[%emt 0:00:00]} c5 {[%emt 0:00:00]} 2. Nf3 {[%emt 0:00:00]} d6 {[%emt 0:
00:00]} 3. Bb5+ {[%emt 0:00:00]} Nd7 {[%emt 0:00:00]} 4. d4 {[%emt 0:00:00]}
cxd4 {[%emt 0:00:00]} 5. Qxd4 {[%emt 0:00:00]} a6 {[%emt 0:00:00]} 6. Bxd7+ {
[%emt 0:00:00]} Bxd7 {[%emt 0:00:00]} 7. c4 {[%emt 0:00:00]} e6 {[%emt 0:00:09]
} 8. Nc3 {[%emt 0:00:10]} Bc6 {[%emt 0:00:08]} 9. O-O {[%emt 0:00:31]} Nf6 {
[%emt 0:00:03]} 10. b3 {[%emt 0:00:42]} Be7 {[%emt 0:00:05]} 11. Ba3 {[%emt 0:
00:26]} O-O {[%emt 0:00:15]} 12. Rac1 {[%emt 0:00:56]} Qa5 {[%emt 0:00:45]} 13.
Bxd6 {[%emt 0:00:13]} Bxd6 {[%emt 0:00:05]} 14. Qxd6 {[%emt 0:00:00]} Nxe4 {
[%emt 0:00:04]} 15. Qe5 {[%emt 0:00:13]} Qxe5 {[%emt 0:00:03]} 16. Nxe5 {
[%emt 0:00:00]} Nxc3 {[%emt 0:00:14]} 17. Rxc3 {[%emt 0:00:04]} Rfd8 {[%emt 0:
00:03]} 18. Nxc6 {[%emt 0:00:27]} bxc6 {[%emt 0:00:00]} 19. b4 {[%emt 0:01:10]}
Rd2 {[%emt 0:00:23]} 20. Ra3 {[%emt 0:00:08]} Rb2 {[%emt 0:00:21]} 21. Ra4 {
[%emt 0:00:05]} g5 {[%emt 0:00:19]} 22. g3 {[%emt 0:00:19]} Kg7 {[%emt 0:00:22]
} 23. Rd1 {[%emt 0:00:06]} h5 {[%emt 0:00:44]} 24. a3 {[%emt 0:00:17]} h4 {
[%emt 0:00:08]} 25. gxh4 {[%emt 0:00:39]} gxh4 {[%emt 0:00:00]} 26. h3 {
[%emt 0:00:01]} Rb3 {[%emt 0:00:12]} 27. Kh2 {[%emt 0:00:16]} Rf3 {[%emt 0:00:
45]} 28. Kg2 {[%emt 0:00:06]} Rf4 {[%emt 0:00:01]} 29. c5 {[%emt 0:02:21]} Kf6
{[%emt 0:00:03]} 30. Kf1 {[%emt 0:00:11]} Rf3 {[%emt 0:01:11]} 31. Rd4 {
[%emt 0:00:21]} Rxh3 {[%emt 0:00:05]} 32. Kg2 {[%emt 0:00:03]} Rb3 {[%emt 0:00:
27]} 33. Rxh4 {[%emt 0:00:03]} Rd3 {[%emt 0:00:23]} 34. Ra5 {[%emt 0:01:17]}
Kg5 {[%emt 0:00:15]} 35. Rh7 {[%emt 0:00:17]} Kg6 {[%emt 0:00:05]} 36. Rh3 {
[%emt 0:00:29]} Rxh3 {[%emt 0:00:31]} 37. Kxh3 {[%emt 0:00:03]} Kf5 {[%emt 0:
00:00]} 38. a4 {[%emt 0:00:03]} Ke4 {[%emt 0:00:09]} 39. b5 {[%emt 0:00:15]}
Rh8+ {[%emt 0:00:18]} 40. Kg2 {[%emt 0:00:06]} Rg8+ {[%emt 0:00:11]} 41. Kf1 {
[%emt 0:00:04]} axb5 {[%emt 0:00:02]} 42. axb5 {[%emt 0:00:03]} cxb5 {[%emt 0:
00:01]} 43. Rxb5 {[%emt 0:00:03]} Kd5 {[%emt 0:00:02]} 44. Rb7 {[%emt 0:00:13]}
f5 {[%emt 0:00:02]} 45. Ke2 {[%emt 0:00:31]} Kxc5 {[%emt 0:00:15]} 46. f4 {
[%emt 0:00:10]} Rg3 {[%emt 0:00:19]} 47. Rd7 {[%emt 0:00:15]} Ra3 {[%emt 0:00:
03]} 48. Rd8 {[%emt 0:00:03]} Ra4 {[%emt 0:00:06]} 49. Ke3 {[%emt 0:00:03]}
Re4+ {[%emt 0:00:01]} 50. Kf3 {[%emt 0:00:01]} Rd4 {[%emt 0:00:02]} 51. Rc8+ {
[%emt 0:00:03]} Kd5 {[%emt 0:00:01]} 52. Rd8+ {[%emt 0:00:11]} Kc4 {[%emt 0:00:
01]} 53. Rc8+ {[%emt 0:00:05]} Kd3 {[%emt 0:00:03]} 54. Rc6 {[%emt 0:00:03]}
Re4 {[%emt 0:00:02]} 55. Rd6+ {[%emt 0:00:01]} Kc4 {[%emt 0:00:02]} 56. Ra6 {
[%emt 0:00:03]} Kc5 {[%emt 0:00:03]} 57. Ra5+ {[%emt 0:00:05]} Kd6 {[%emt 0:00:
04]} 58. Ra6+ {[%emt 0:00:03]} Ke7 {[%emt 0:00:01]} 59. Ra7+ {[%emt 0:00:02]}
Kf6 {[%emt 0:00:01]} 60. Ra6 {[%emt 0:00:02]} Rb4 {[%emt 0:00:05]} 61. Rc6 {
[%emt 0:00:06]} Rb3+ {[%emt 0:00:02]} 62. Kf2 {[%emt 0:00:01]} Ke7 {[%emt 0:00:
01]} 63. Ra6 {[%emt 0:00:02]} Kd7 {[%emt 0:00:01]} 64. Ke2 {[%emt 0:00:02]} Rc3
{[%emt 0:00:00]} 65. Kf2 {[%emt 0:00:02]} Rc6 {[%emt 0:00:02]} 66. Ra5 {
[%emt 0:00:03]} Kd6 {[%emt 0:00:01]} 67. Kf3 {[%emt 0:00:04]} Rc3+ {[%emt 0:00:
04]} 68. Kf2 {[%emt 0:00:02]} Rc5 {[%emt 0:00:01]} 69. Ra3 {[%emt 0:00:19]} Kd5
{[%emt 0:00:05]} 70. Ke3 {[%emt 0:00:02]} Rb5 {[%emt 0:00:10]} 71. Rd3+ {
[%emt 0:00:03]} Kc4 {[%emt 0:00:01]} 72. Rd6 {[%emt 0:00:05]} Rb3+ {[%emt 0:00:
04]} 73. Kf2 {[%emt 0:00:02]} Rb2+ {[%emt 0:00:04]} 74. Kf3 {[%emt 0:00:01]}
Rb3+ {[%emt 0:00:00]} 75. Kf2 {[%emt 0:00:01]} Rb2+ {[%emt 0:00:01]} 76. Kf3 {
[%emt 0:00:00]} Rb3+ {[%emt 0:00:00]} 77. Kf2 {[%emt 0:00:01]} 1/2-1/2

[Event "Skilling Open CCT 2021"]
[Site "Online"]
[Date "2020.11.19"]
[Round "15.2"]
[White "Carlsen, Magnus"]
[Black "Svidler, Peter"]
[Result "1/2-1/2"]
[WhiteElo "2881"]
[BlackElo "2742"]
[Annotator "RC"]
[PlyCount "65"]
[EventDate "2020.11.20"]
[EventType "tourn"]
[EventCountry "NET"]
[Tiebreak "Koya+Number of black wins+Number of wins"]
[SourceTitle "playchess.com"]
[Source "ChessBase"]
[SourceQuality "1"]
[TimeControl "900+10"]

1. e4 {[%emt 0:00:00]} c5 {[%emt 0:00:00]} 2. Nf3 {[%emt 0:00:00]} d6 {[%emt 0:
00:00]} 3. d4 {[%emt 0:00:00]} cxd4 {[%emt 0:00:00]} 4. Qxd4 {[%emt 0:00:00]}
Nc6 {[%emt 0:00:00]} 5. Qe3 {[%emt 0:00:00]} g6 {[%emt 0:00:00]} 6. Be2 {
[%emt 0:01:01]} Bg7 {[%emt 0:00:23]} 7. O-O {[%emt 0:00:02]} Nf6 {[%emt 0:00:
03]} 8. h3 {[%emt 0:00:04]} O-O {[%emt 0:00:37]} 9. Rd1 {[%emt 0:00:04]} Be6 {
[%emt 0:01:48]} 10. Nc3 {[%emt 0:00:04]} Qc8 {[%emt 0:00:32]} 11. a3 {[%emt 0:
00:10]} Na5 {[%emt 0:00:47]} 12. Nd4 {[%emt 0:00:05]} Bc4 {[%emt 0:00:25]} 13.
Bf3 {[%emt 0:00:36]} Nc6 {[%emt 0:00:51]} 14. Nxc6 {[%emt 0:01:10]} bxc6 {
[%emt 0:00:04]} 15. e5 {[%emt 0:00:19]} dxe5 {[%emt 0:00:28]} 16. Qc5 {[%emt 0:
00:09]} Bd5 {[%emt 0:00:06]} 17. Bxd5 {[%emt 0:02:19]} cxd5 {[%emt 0:00:10]}
18. Qxc8 {[%emt 0:00:01]} Rfxc8 {[%emt 0:00:17]} 19. Nxd5 {[%emt 0:00:00]} Nxd5
{[%emt 0:00:04]} 20. Rxd5 {[%emt 0:00:00]} Rxc2 {[%emt 0:00:01]} 21. b4 {
[%emt 0:00:16]} f5 {[%emt 0:01:50]} 22. Be3 {[%emt 0:00:08]} f4 {[%emt 0:00:08]
} 23. Bc5 {[%emt 0:00:03]} Bf6 {[%emt 0:00:05]} 24. Rd7 {[%emt 0:00:26]} a5 {
[%emt 0:00:07]} 25. Bxe7 {[%emt 0:00:35]} Bxe7 {[%emt 0:00:03]} 26. Rxe7 {
[%emt 0:00:00]} axb4 {[%emt 0:00:01]} 27. Rd1 {[%emt 0:00:01]} bxa3 {[%emt 0:
00:21]} 28. Rdd7 {[%emt 0:00:02]} a2 {[%emt 0:00:02]} 29. Rg7+ {[%emt 0:00:03]}
Kf8 {[%emt 0:00:06]} 30. Rgf7+ {[%emt 0:00:01]} Kg8 {[%emt 0:00:01]} 31. Rg7+ {
[%emt 0:00:01]} Kf8 {[%emt 0:00:01]} 32. Rgf7+ {[%emt 0:00:00]} Kg8 {[%emt 0:
00:00]} 33. Rg7+ {[%emt 0:00:01]} 1/2-1/2

[Event "Skilling Open CCT 2021"]
[Site "Online"]
[Date "2020.11.19"]
[Round "15.3"]
[White "Radjabov, Teimour"]
[Black "So, Wesley"]
[Result "1/2-1/2"]
[WhiteElo "2758"]
[BlackElo "2741"]
[Annotator "RC"]
[PlyCount "79"]
[EventDate "2020.11.20"]
[EventType "tourn"]
[EventCountry "NET"]
[Tiebreak "Koya+Number of black wins+Number of wins"]
[SourceTitle "playchess.com"]
[Source "ChessBase"]
[SourceQuality "1"]
[TimeControl "900+10"]

1. d4 {[%emt 0:00:00]} Nf6 {[%emt 0:00:00]} 2. c4 {[%emt 0:00:00]} g6 {[%emt 0:
00:00]} 3. Nc3 {[%emt 0:00:00]} d5 {[%emt 0:00:00]} 4. Nf3 {[%emt 0:00:00]} Bg7
{[%emt 0:00:00]} 5. Bf4 {[%emt 0:00:00]} O-O {[%emt 0:00:00]} 6. e3 {[%emt 0:
00:00]} c5 {[%emt 0:00:00]} 7. dxc5 {[%emt 0:00:01]} Qa5 {[%emt 0:00:00]} 8.
Rc1 {[%emt 0:00:02]} dxc4 {[%emt 0:00:01]} 9. Bxc4 {[%emt 0:00:01]} Qxc5 {
[%emt 0:00:01]} 10. Qb3 {[%emt 0:00:01]} Nc6 {[%emt 0:00:33]} 11. O-O {[%emt 0:
00:01]} Na5 {[%emt 0:00:42]} 12. Qb5 {[%emt 0:00:02]} Qxc4 {[%emt 0:00:03]} 13.
Qxa5 {[%emt 0:00:01]} b6 {[%emt 0:00:43]} 14. Qa3 {[%emt 0:00:04]} Re8 {
[%emt 0:00:18]} 15. Rfd1 {[%emt 0:00:21]} Qa6 {[%emt 0:01:46]} 16. Qb4 {
[%emt 0:00:18]} Bb7 {[%emt 0:01:01]} 17. Ne5 {[%emt 0:00:13]} Rac8 {[%emt 0:00:
38]} 18. h3 {[%emt 0:00:54]} Rc5 {[%emt 0:00:37]} 19. a4 {[%emt 0:01:18]} e6 {
[%emt 0:00:41]} 20. Nd3 {[%emt 0:00:52]} Rc4 {[%emt 0:00:03]} 21. Qb5 {[%emt 0:
00:14]} Qxb5 {[%emt 0:00:06]} 22. Nxb5 {[%emt 0:00:13]} Rxc1 {[%emt 0:01:24]}
23. Rxc1 {[%emt 0:00:10]} Rd8 {[%emt 0:00:06]} 24. Rc7 {[%emt 0:01:00]} Ba6 {
[%emt 0:01:35]} 25. Nb4 {[%emt 0:00:46]} Bxb5 {[%emt 0:00:06]} 26. axb5 {
[%emt 0:00:01]} Nh5 {[%emt 0:02:04]} 27. Nc6 {[%emt 0:01:59]} Rd1+ {[%emt 0:00:
02]} 28. Kh2 {[%emt 0:00:02]} Nxf4 {[%emt 0:00:01]} 29. Rc8+ {[%emt 0:01:37]}
Bf8 {[%emt 0:00:07]} 30. exf4 {[%emt 0:00:02]} Kg7 {[%emt 0:01:05]} 31. Ra8 {
[%emt 0:02:23]} Bd6 {[%emt 0:00:28]} 32. g3 {[%emt 0:00:55]} Rd2 {[%emt 0:00:
16]} 33. Rxa7 {[%emt 0:01:46]} Rxf2+ {[%emt 0:00:06]} 34. Kg1 {[%emt 0:00:06]}
Bc5 {[%emt 0:00:25]} 35. b4 {[%emt 0:00:59]} Be3 {[%emt 0:00:03]} 36. Ra3 {
[%emt 0:00:14]} Rf3+ {[%emt 0:00:10]} 37. Kg2 {[%emt 0:00:05]} Rf2+ {[%emt 0:
00:02]} 38. Kg1 {[%emt 0:00:01]} Rf3+ {[%emt 0:00:01]} 39. Kg2 {[%emt 0:00:01]}
Rf2+ {[%emt 0:00:01]} 40. Kg1 {[%emt 0:00:01]} 1/2-1/2